000 00749nam a2200193 a 4500
001 BRCA_1592
005 20190320203458.0
008 251105s1993----mx-a---###---#000-0#spa-d
050 4 _aND1844
_b.M34 1993
245 1 0 _aMaestros de la acuarela contemporánea en Mexico
_cedición y diseño Mario González Lafón ; textos María Guadalupe Benítez Toriello.
260 _aMéxico
_bSergio Arriola Racsy
_c1993
300 _a1 v. (sin paginación)
_bil. a color
_c35 cm.
500 _aIncluye índice de reproducciones
650 1 4 _aAcuarela mexicanas
_vCatálogos
_y20 siglos
_95044
650 1 4 _aPintores
_vBiografía
_zMéxico
_94982
700 1 _aBenítez Toriello, María Guadalupe
_95045
700 1 _aGonzález Lafón, Mario
_95046
942 _2lcc
_cB
999 _c1416
_d1416